Realizácie prózy

Bibliographic Details
Main Author: Žemberová, Viera, 1948- (Author)
Format: Book
Language:Slovak
PhysicalDescription:142 s. 21 cm
Published: Nitra Univerzita Konštantína Filozofa 1997
ISBN:8080501327
Series:Monografie, zborníky, štúdie, výskumné materiály
Subjects:

MARC

LEADER 00000cam a2200000 a 4500
001 vtls001315476
003 SK-MaSNL
005 20260301005240.0
008 240702s1997 xo frn 001 m slo
015 |a SNBA1998/05-01494 
020 |a 8080501327 
035 |a SNK000267966 
035 |a urn:nbn:sk:snk-amkh45 
035 |a urn:nbn:sk:snk-am008gbn 
035 |a 9807CCB9-AD68-4BA7-AE70-6F3E9284617C 
040 |a SNK  |b slo  |c SNK  |e AACR2 
041 0 |a slo 
044 |a xo  |c SK 
072 7 |a 821.162.4.09  |x Slovenská literatúra (o nej)  |2 konspekt 
072 7 |a 82.0  |x Literatúra (teória)  |2 konspekt 
080 |a 82.0:885.4-3  |2 1981 
080 |a 885.4-3  |2 1981 
080 |a 821.162.4-3  |2 2011 
080 |a (0:82-9)  |2 2001 
080 |a (048.8)  |2 2011 
080 |a 801:655.4/.5  |2 2011 
100 1 |a Žemberová, Viera,  |d 1948-  |4 aut  |9 99575 
245 1 0 |a Realizácie prózy  |c Viera Žemberová 
260 |a Nitra  |b Univerzita Konštantína Filozofa  |c 1997 
300 |a 142 s.  |c 21 cm 
490 1 |a Monografie, zborníky, štúdie, výskumné materiály 
500 |a 250 výt. 
504 |a Bibliogr. odkazy. Men. reg. 
521 |a Nepredajné 
650 0 7 |a slovenská próza  |2 SNKPH  |9 1206 
650 0 7 |a teória literatúry  |2 SNKPH  |9 1238 
650 0 7 |a textológia  |2 SNKPH  |9 75984 
655 7 |a literárne texty  |2 SNKPH  |9 70740 
655 7 |a štúdie  |2 SNKPH  |9 57033 
810 2 |a Univerzita Konštantína Filozofa v Nitre.  |b Fakulta humanitných vied  |t Monografie, zborníky, štúdie, výskumné materiály  |9 289279 
852 |a Slovenská národná knižnica 
919 |a 80-8050-132-7 
954 |a odborná, vedecká literatúra pôvodná (slovenská)  |2 lita 
958 |a TL 
958 |a NB 
958 |a LX 
999 |c 544613  |d 546543 
952 |t P60, <03>, [BOOK], {603}  |a SNK  |b SNK  |y PREZ  |7 0  |p 17A0112909  |o snkSC 94752  |i snkKSP 48/98  |0 0  |1 0  |4 0  |d 1998-01-08  |f 1  |l 0  |r 2025-09-12 00:00:00  |w 2026-02-23 
952 |t P60, <04>, [BOOK], {604}  |a SNK  |b SNK  |y VYP  |7 0  |p 17A0112910  |o snkSC 94752 D1  |i snkKSP 49/98  |0 0  |1 0  |4 0  |d 1998-01-08  |l 0  |r 2005-01-02 00:00:00  |w 2026-02-23 
952 |t P60, <09>, [BOOK], {629}  |a SNK  |b SNK  |y NEVYP  |7 0  |o snkC 159  |i snk270/980216  |0 0  |1 0  |4 0  |d 1998-02-13  |l 0  |r 2005-01-02 00:00:00  |w 2026-02-23